000 00258nam a2200097Ia 4500
001 682971
005 20250826161429.0
008 250824s9999 xx 000 0 und d
245 0 _aGÜLLERİN SOLDUĞU GÜN
_cAHMET HALDUN TERZİOĞLU
260 _bPANAMA YAYINLARI
999 _c682971
_d682971